[Event "Blitz 2018"]
[Site "Saint-Petersburg"]
[Date "2018.12.29"]
[Round "5"]
[Board "83"]
[White "Mchedlishvili Mikheil (GEO)"]
[Black "Makoveev Ilya (RUS)"]
[Result "0-1"]
[LiveChessVersion "1.4.8"]
[BlackElo "2243"]
[WhiteElo "2607"]

1. Nf3 {[%clk 0:03:03]} Nf6 {[%clk 0:03:04]} 2. c4 {[%clk 0:03:04]} g6
{[%clk 0:03:04]} 3. Nc3 {[%clk 0:03:04]} d5 {[%clk 0:03:03]} 4. cxd5
{[%clk 0:03:05]} Nxd5 {[%clk 0:03:04]} 5. Qb3 {[%clk 0:03:05]} Nb6
{[%clk 0:03:00]} 6. d4 {[%clk 0:03:03]} Bg7 {[%clk 0:03:01]} 7. Bf4
{[%clk 0:03:03]} O-O {[%clk 0:03:00]} 8. Rd1 {[%clk 0:02:54]} Nc6
{[%clk 0:02:45]} 9. e3 {[%clk 0:02:53]} a5 {[%clk 0:02:37]} 10. a3
{[%clk 0:02:31]} a4 {[%clk 0:02:34]} 11. Qc2 {[%clk 0:02:32]} Be6
{[%clk 0:01:35]} 12. d5 {[%clk 0:01:39]} Nxd5 {[%clk 0:01:21]} 13. Nxd5
{[%clk 0:01:34]} Bxd5 {[%clk 0:01:21]} 14. Bc4 {[%clk 0:01:14]} e6
{[%clk 0:01:06]} 15. e4 {[%clk 0:01:15]} Qf6 {[%clk 0:00:56]} 16. Bg5
{[%clk 0:01:13]} Qxb2 {[%clk 0:00:57]} 17. Qxb2 {[%clk 0:01:14]} Bxb2
{[%clk 0:00:57]} 18. exd5 {[%clk 0:01:14]} exd5 {[%clk 0:00:58]} 19. Bxd5
{[%clk 0:01:15]} Rfe8+ {[%clk 0:00:55]} 20. Be3 {[%clk 0:01:15]} Bxa3
{[%clk 0:00:50]} 21. Bxc6 {[%clk 0:00:56]} bxc6 22. Ke2 Bb2 {[%clk 0:00:47]} 23.
Nd2 {[%clk 0:00:59]} a3 {[%clk 0:00:39]} 24. Nc4 {[%clk 0:00:59]} Bf6
{[%clk 0:00:25]} 25. Nd2 {[%clk 0:00:25]} Reb8 {[%clk 0:00:21]} 26. Kd3
{[%clk 0:00:20]} a2 {[%clk 0:00:16]} 27. Ra1 {[%clk 0:00:22]} Ra3+
{[%clk 0:00:15]} 28. Kc4 {[%clk 0:00:17]} Rc3# 0-1

[Event "Blitz 2018"]
[Site "Saint-Petersburg"]
[Date "2018.12.29"]
[Round "5"]
[Board "84"]
[White "Sanikidze Tornike (GEO)"]
[Black "Saric Ivan (CRO)"]
[Result "0-1"]
[LiveChessVersion "1.4.8"]
[BlackElo "2572"]
[WhiteElo "2484"]

1. d4 {[%clk 0:03:02]} g6 {[%clk 0:03:03]} 2. c4 {[%clk 0:03:02]} Bg7
{[%clk 0:03:04]} 3. e4 {[%clk 0:03:03]} d6 {[%clk 0:03:05]} 4. Nc3
{[%clk 0:03:04]} Nf6 {[%clk 0:03:07]} 5. Be2 {[%clk 0:03:04]} O-O
{[%clk 0:03:07]} 6. Bg5 {[%clk 0:03:05]} Na6 {[%clk 0:03:08]} 7. Qd2
{[%clk 0:03:06]} Qe8 {[%clk 0:03:07]} 8. Nf3 {[%clk 0:02:50]} e5 {[%clk 0:03:06]}
9. d5 {[%clk 0:02:40]} Nc5 {[%clk 0:03:07]} 10. Qc2 {[%clk 0:02:41]} a5
{[%clk 0:03:04]} 11. Nd2 {[%clk 0:02:40]} Bd7 {[%clk 0:03:02]} 12. O-O
{[%clk 0:02:37]} h5 {[%clk 0:03:02]} 13. b3 {[%clk 0:02:28]} Nh7 {[%clk 0:03:03]}
14. Be3 {[%clk 0:02:29]} f5 {[%clk 0:02:49]} 15. f3 {[%clk 0:02:23]} f4
{[%clk 0:02:36]} 16. Bf2 {[%clk 0:02:24]} g5 {[%clk 0:02:38]} 17. a3
{[%clk 0:02:25]} g4 {[%clk 0:02:21]} 18. b4 {[%clk 0:02:26]} Na4 {[%clk 0:02:20]}
19. c5 {[%clk 0:02:22]} g3 {[%clk 0:02:01]} 20. hxg3 {[%clk 0:02:22]} fxg3
{[%clk 0:02:03]} 21. Bxg3 {[%clk 0:02:19]} Nxc3 {[%clk 0:01:51]} 22. Qxc3
{[%clk 0:02:19]} Qg6 {[%clk 0:01:50]} 23. Bh2 {[%clk 0:01:56]} Bh6
{[%clk 0:01:40]} 24. Nc4 {[%clk 0:01:51]} axb4 {[%clk 0:01:02]} 25. axb4
{[%clk 0:01:51]} Rxa1 {[%clk 0:01:03]} 26. Rxa1 {[%clk 0:01:52]} Ng5
{[%clk 0:01:01]} 27. Kh1 {[%clk 0:01:51]} h4 {[%clk 0:00:59]} 28. Na5
{[%clk 0:01:30]} h3 {[%clk 0:00:59]} 29. g4 {[%clk 0:01:32]} Nxe4
{[%clk 0:00:47]} 30. Qb3 {[%clk 0:01:16]} Bxg4 {[%clk 0:00:25]} 31. Rf1
{[%clk 0:00:11]} Nd2 {[%clk 0:00:26]} 32. Qd1 {[%clk 0:00:12]} Nxf1
{[%clk 0:00:23]} 33. Qxf1 {[%clk 0:00:13]} e4 {[%clk 0:00:23]} 34. cxd6
{[%clk 0:00:07]} cxd6 {[%clk 0:00:22]} 35. Nxb7 {[%clk 0:00:08]} Bxf3+
{[%clk 0:00:18]} 36. Bxf3 {[%clk 0:00:09]} exf3 {[%clk 0:00:15]} 37. Nxd6
{[%clk 0:00:10]} Qg2+ {[%clk 0:00:15]} 0-1

[Event "Blitz 2018"]
[Site "Saint-Petersburg"]
[Date "2018.12.29"]
[Round "5"]
[Board "85"]
[White "Lobanov Sergei (RUS)"]
[Black "Teske Henrik (GER)"]
[Result "1-0"]
[LiveChessVersion "1.4.8"]
[BlackElo "2565"]
[WhiteElo "2434"]

1. e4 {[%clk 0:03:03]} e6 {[%clk 0:03:02]} 2. d4 {[%clk 0:03:04]} d5
{[%clk 0:03:03]} 3. Nc3 {[%clk 0:03:05]} dxe4 {[%clk 0:03:04]} 4. Nxe4
{[%clk 0:03:06]} Bd7 {[%clk 0:03:04]} 5. Nf3 {[%clk 0:03:06]} Bc6
{[%clk 0:03:05]} 6. Bd3 {[%clk 0:03:07]} Nd7 {[%clk 0:03:06]} 7. Bf4
{[%clk 0:02:59]} Ngf6 {[%clk 0:03:05]} 8. Ng3 {[%clk 0:02:53]} Bd6
{[%clk 0:02:58]} 9. Ne5 {[%clk 0:01:33]} Bxg2 {[%clk 0:02:52]} 10. Rg1
{[%clk 0:01:35]} Bd5 {[%clk 0:02:48]} 11. Qd2 {[%clk 0:01:21]} Qe7
{[%clk 0:02:36]} 12. a3 {[%clk 0:01:14]} O-O-O {[%clk 0:02:07]} 13. O-O-O
{[%clk 0:00:48]} b6 {[%clk 0:01:39]} 14. Ba6+ {[%clk 0:00:33]} Kb8
{[%clk 0:01:39]} 15. Qc3 {[%clk 0:00:33]} Nxe5 {[%clk 0:01:29]} 16. dxe5
{[%clk 0:00:32]} Bc5 {[%clk 0:01:11]} 17. exf6 {[%clk 0:00:33]} gxf6
{[%clk 0:01:12]} 18. Be3 {[%clk 0:00:34]} Bd6 {[%clk 0:01:10]} 19. Rxd5
{[%clk 0:00:25]} Be5 {[%clk 0:01:06]} 20. Qc6 {[%clk 0:00:23]} 1-0

[Event "Blitz 2018"]
[Site "Saint-Petersburg"]
[Date "2018.12.29"]
[Round "5"]
[Board "86"]
[White "Ovchinnikov Vsevolod (RUS)"]
[Black "Gabrielian Artur (RUS)"]
[Result "0-1"]
[LiveChessVersion "1.4.8"]
[BlackElo "2562"]
[WhiteElo "2375"]

1. Nf3 {[%clk 0:03:02]} c5 {[%clk 0:03:04]} 2. c4 {[%clk 0:03:03]} Nc6
{[%clk 0:03:05]} 3. g3 {[%clk 0:03:04]} e5 {[%clk 0:03:04]} 4. Nc3
{[%clk 0:03:03]} g6 {[%clk 0:03:05]} 5. Bg2 {[%clk 0:03:04]} Bg7 {[%clk 0:03:06]}
6. O-O {[%clk 0:03:03]} Nge7 {[%clk 0:03:07]} 7. d3 {[%clk 0:03:02]} d6
{[%clk 0:03:07]} 8. a3 {[%clk 0:03:01]} O-O {[%clk 0:03:08]} 9. Rb1
{[%clk 0:03:02]} a5 {[%clk 0:02:55]} 10. Ne1 {[%clk 0:02:51]} Nd4
{[%clk 0:02:22]} 11. e3 {[%clk 0:02:44]} Ndc6 {[%clk 0:02:20]} 12. Nc2
{[%clk 0:02:42]} Be6 {[%clk 0:02:15]} 13. b4 {[%clk 0:02:40]} axb4
{[%clk 0:02:04]} 14. axb4 {[%clk 0:02:41]} cxb4 {[%clk 0:01:59]} 15. Nxb4
{[%clk 0:02:40]} Nxb4 {[%clk 0:01:55]} 16. Rxb4 {[%clk 0:02:41]} d5
{[%clk 0:01:38]} 17. cxd5 {[%clk 0:02:15]} Nxd5 {[%clk 0:01:37]} 18. Nxd5
{[%clk 0:02:15]} Bxd5 {[%clk 0:01:38]} 19. Bxd5 {[%clk 0:02:16]} Qxd5
{[%clk 0:01:39]} 20. Qb3 {[%clk 0:02:17]} Qxb3 {[%clk 0:01:17]} 21. Rxb3
{[%clk 0:02:18]} Rfd8 {[%clk 0:01:17]} 22. Rxb7 {[%clk 0:01:54]} Rxd3
{[%clk 0:01:18]} 23. Bb2 {[%clk 0:01:45]} h5 {[%clk 0:01:17]} 24. h4
{[%clk 0:01:43]} Ra2 {[%clk 0:01:11]} 25. Rb8+ {[%clk 0:01:31]} Kh7
{[%clk 0:01:12]} 26. Rb7 {[%clk 0:01:30]} Kg8 {[%clk 0:00:41]} 27. Rb8+
{[%clk 0:01:31]} Kh7 {[%clk 0:00:39]} 28. Rb7 {[%clk 0:01:32]} Rd2
{[%clk 0:00:24]} 29. Ba1 {[%clk 0:01:15]} Kg8 {[%clk 0:00:21]} 30. Rb8+
{[%clk 0:01:16]} Kh7 {[%clk 0:00:22]} 31. Rb7 {[%clk 0:01:17]} f6
{[%clk 0:00:22]} 32. Rc7 {[%clk 0:00:41]} Kh6 {[%clk 0:00:22]} 33. Rcc1
{[%clk 0:00:23]} g5 {[%clk 0:00:17]} 34. hxg5+ {[%clk 0:00:22]} Kxg5
{[%clk 0:00:14]} 35. Rcd1 {[%clk 0:00:23]} Rdc2 {[%clk 0:00:10]} 36. Rc1
{[%clk 0:00:23]} Kg4 {[%clk 0:00:10]} 37. Rxc2 {[%clk 0:00:22]} Rxc2
{[%clk 0:00:11]} 38. Kg2 {[%clk 0:00:23]} Bh6 {[%clk 0:00:10]} 39. Re1
{[%clk 0:00:19]} Bg5 {[%clk 0:00:09]} 40. Kg1 {[%clk 0:00:06]} Kf3
{[%clk 0:00:10]} 41. Rf1 {[%clk 0:00:07]} h4 {[%clk 0:00:10]} 42. gxh4 Bxh4
{[%clk 0:00:11]} 43. Kh2 {[%clk 0:00:03]} Bxf2 {[%clk 0:00:12]} 44. Kh3
{[%clk 0:00:04]} Rc8 {[%clk 0:00:09]} 0-1

[Event "Blitz 2018"]
[Site "Saint-Petersburg"]
[Date "2018.12.29"]
[Round "5"]
[Board "87"]
[White "Fakhrutdinov Timur (RUS)"]
[Black "Jumabayev Rinat (KAZ)"]
[Result "1-0"]
[BlackElo "2554"]
[WhiteElo "2357"]
[LiveChessVersion "1.4.8"]

1. e4 {[%clk 0:03:03]} c5 {[%clk 0:03:04]} 2. Nf3 {[%clk 0:03:04]} d6
{[%clk 0:03:05]} 3. d4 {[%clk 0:03:05]} cxd4 {[%clk 0:03:06]} 4. Nxd4
{[%clk 0:03:06]} Nf6 {[%clk 0:03:07]} 5. Nc3 {[%clk 0:03:07]} Nc6
{[%clk 0:03:08]} 6. Bg5 {[%clk 0:03:07]} e6 {[%clk 0:03:08]} 7. Qd2
{[%clk 0:03:01]} a6 {[%clk 0:03:10]} 8. O-O-O {[%clk 0:02:54]} Bd7
{[%clk 0:03:11]} 9. f4 {[%clk 0:02:51]} Be7 {[%clk 0:03:11]} 10. Nf3
{[%clk 0:02:38]} b5 {[%clk 0:03:13]} 11. Bxf6 {[%clk 0:02:28]} Bxf6
{[%clk 0:03:14]} 12. Qxd6 {[%clk 0:02:14]} Be7 {[%clk 0:02:11]} 13. Qd2
{[%clk 0:02:05]} Qc7 {[%clk 0:01:49]} 14. e5 {[%clk 0:01:55]} Rd8
{[%clk 0:01:21]} 15. Ne4 {[%clk 0:01:35]} O-O {[%clk 0:01:21]} 16. Bd3
{[%clk 0:01:20]} Nb4 {[%clk 0:01:19]} 17. Kb1 {[%clk 0:01:19]} Bc6
{[%clk 0:01:13]} 18. Nd6 {[%clk 0:01:10]} Nd5 {[%clk 0:00:12]} 19. Ng5
{[%clk 0:00:39]} h6 {[%clk 0:00:12]} 20. Nh7 {[%clk 0:00:12]} Rfe8
{[%clk 0:00:08]} 21. Nxe8 {[%clk 0:00:12]} Bxe8 {[%clk 0:00:07]} 22. g4
{[%clk 0:00:04]} Nb4 {[%clk 0:00:08]} 23. Nf6+ {[%clk 0:00:03]} gxf6
{[%clk 0:00:08]} 24. exf6 {[%clk 0:00:03]} Bxf6 {[%clk 0:00:09]} 25. Qxb4
{[%clk 0:00:04]} Rd4 {[%clk 0:00:08]} 26. Bh7+ {[%clk 0:00:04]} Kxh7
{[%clk 0:00:09]} 27. Rxd4 {[%clk 0:00:05]} a5 {[%clk 0:00:04]} 28. Qd2
{[%clk 0:00:06]} Bxd4 {[%clk 0:00:00]} 1-0

[Event "Blitz 2018"]
[Site "Saint-Petersburg"]
[Date "2018.12.29"]
[Round "5"]
[Board "88"]
[White "Gaifullin Artur (RUS)"]
[Black "Al-Sayed Mohammed (QAT)"]
[Result "0-1"]
[BlackElo "2547"]
[WhiteElo "2231"]
[LiveChessVersion "1.4.8"]

1. d4 {[%clk 0:03:03]} d5 {[%clk 0:03:03]} 2. c4 {[%clk 0:03:05]} c6
{[%clk 0:03:04]} 3. Nf3 {[%clk 0:03:05]} Nf6 {[%clk 0:03:06]} 4. e3
{[%clk 0:03:06]} Bf5 {[%clk 0:03:07]} 5. cxd5 {[%clk 0:03:07]} cxd5
{[%clk 0:03:07]} 6. Nc3 {[%clk 0:03:08]} Nc6 {[%clk 0:03:08]} 7. Ne5
{[%clk 0:03:09]} Bd7 {[%clk 0:02:58]} 8. Nxd7 {[%clk 0:03:02]} Qxd7
{[%clk 0:02:59]} 9. g3 {[%clk 0:02:48]} e6 {[%clk 0:02:57]} 10. Bg2
{[%clk 0:02:48]} Be7 {[%clk 0:02:57]} 11. O-O {[%clk 0:02:49]} O-O
{[%clk 0:02:57]} 12. Qe2 {[%clk 0:02:45]} Rac8 {[%clk 0:02:52]} 13. Rd1
{[%clk 0:02:44]} Na5 {[%clk 0:02:47]} 14. e4 {[%clk 0:02:33]} dxe4
{[%clk 0:02:41]} 15. Nxe4 {[%clk 0:02:34]} Nd5 {[%clk 0:02:43]} 16. Bd2
{[%clk 0:02:22]} Nc4 {[%clk 0:02:39]} 17. Be1 {[%clk 0:02:23]} Ncb6
{[%clk 0:02:25]} 18. Nc5 {[%clk 0:02:14]} Qc7 {[%clk 0:02:09]} 19. Rac1
{[%clk 0:02:13]} Rfe8 {[%clk 0:01:08]} 20. a4 {[%clk 0:01:34]} Bxc5
{[%clk 0:01:00]} 21. dxc5 {[%clk 0:01:30]} Nxa4 {[%clk 0:00:57]} 22. b3
{[%clk 0:01:26]} Nxc5 {[%clk 0:00:52]} 23. b4 {[%clk 0:01:26]} Nxb4
{[%clk 0:00:41]} 24. Bxb4 {[%clk 0:01:26]} b6 {[%clk 0:00:42]} 25. h4
{[%clk 0:01:22]} Red8 {[%clk 0:00:38]} 26. h5 {[%clk 0:01:18]} h6
{[%clk 0:00:36]} 27. Rxd8+ {[%clk 0:00:49]} Qxd8 {[%clk 0:00:36]} 28. Qc2
{[%clk 0:00:24]} Qg5 {[%clk 0:00:29]} 29. Bf3 {[%clk 0:00:20]} Qe5
{[%clk 0:00:16]} 30. Kg2 {[%clk 0:00:20]} a5 {[%clk 0:00:15]} 31. Bc3
{[%clk 0:00:21]} Qg5 {[%clk 0:00:13]} 32. Bd2 {[%clk 0:00:22]} Qf6
{[%clk 0:00:13]} 33. Qb1 {[%clk 0:00:21]} Qd8 {[%clk 0:00:03]} 34. Be3
{[%clk 0:00:20]} Nd7 {[%clk 0:00:04]} 35. Rd1 {[%clk 0:00:09]} Qc7
{[%clk 0:00:06]} 36. Bf4 {[%clk 0:00:10]} Qa7 {[%clk 0:00:05]} 37. Qd3
{[%clk 0:00:10]} Nc5 {[%clk 0:00:05]} 38. Qd4 {[%clk 0:00:10]} Qe7
{[%clk 0:00:05]} 39. Be5 {[%clk 0:00:10]} Qg5 {[%clk 0:00:05]} 40. Bf4
{[%clk 0:00:10]} Qf5 {[%clk 0:00:06]} 41. g4 {[%clk 0:00:10]} Qc2
{[%clk 0:00:05]} 42. Be5 {[%clk 0:00:09]} f6 {[%clk 0:00:04]} 43. Bg3
{[%clk 0:00:09]} a4 {[%clk 0:00:04]} 44. Rd2 {[%clk 0:00:07]} Qb3
{[%clk 0:00:05]} 45. Qd6 {[%clk 0:00:07]} a3 {[%clk 0:00:04]} 46. Bd1
{[%clk 0:00:07]} Qc4 {[%clk 0:00:05]} 47. Rc2 {[%clk 0:00:03]} Qe4+ 48. f3 Qe3
{[%clk 0:00:04]} 49. Qd2 {[%clk 0:00:05]} Qxd2+ {[%clk 0:00:04]} 50. Rxd2
{[%clk 0:00:07]} b5 {[%clk 0:00:05]} 51. Bf2 {[%clk 0:00:07]} b4 {[%clk 0:00:04]}
52. Bxc5 {[%clk 0:00:07]} Rxc5 53. Bb3 Rc3 {[%clk 0:00:05]} 54. Bxe6+
{[%clk 0:00:08]} Kf8 {[%clk 0:00:07]} 55. Ra2 {[%clk 0:00:08]} Ke7
{[%clk 0:00:07]} 56. Bg8 {[%clk 0:00:08]} Kd6 {[%clk 0:00:09]} 57. Kf2
{[%clk 0:00:09]} Kc5 {[%clk 0:00:10]} 58. Ke2 {[%clk 0:00:09]} Kd4
{[%clk 0:00:11]} 59. Rd2+ {[%clk 0:00:09]} Ke5 {[%clk 0:00:12]} 60. Ra2
{[%clk 0:00:09]} Kf4 {[%clk 0:00:12]} 61. Rd2 {[%clk 0:00:08]} Re3+
{[%clk 0:00:13]} 62. Kd1 {[%clk 0:00:08]} b3 {[%clk 0:00:10]} 63. Rd4+
{[%clk 0:00:05]} Kg3 {[%clk 0:00:11]} 64. Ra4 {[%clk 0:00:04]} a2
{[%clk 0:00:10]} 65. Kd2 {[%clk 0:00:05]} Rxf3 {[%clk 0:00:09]} 66. Bxb3
{[%clk 0:00:03]} Rxb3 {[%clk 0:00:10]} 67. Rxa2 {[%clk 0:00:04]} Rb4
{[%clk 0:00:09]} 68. Ke3 {[%clk 0:00:04]} Rxg4 {[%clk 0:00:09]} 69. Ra7
{[%clk 0:00:04]} Rg5 {[%clk 0:00:10]} 70. Ke4 {[%clk 0:00:05]} Kg4
{[%clk 0:00:11]} 71. Ra1 Kxh5 {[%clk 0:00:12]} 72. Rh1+ {[%clk 0:00:07]} Kg6
{[%clk 0:00:13]} 73. Kf4 {[%clk 0:00:08]} h5 {[%clk 0:00:14]} 74. Ra1
{[%clk 0:00:09]} Rg4+ {[%clk 0:00:15]} 75. Kf3 {[%clk 0:00:11]} Kg5
{[%clk 0:00:17]} 76. Ra5+ {[%clk 0:00:12]} f5 {[%clk 0:00:18]} 77. Ra7
{[%clk 0:00:13]} g6 {[%clk 0:00:19]} 78. Ra6 {[%clk 0:00:15]} Rb4
{[%clk 0:00:20]} 79. Kg2 {[%clk 0:00:16]} h4 {[%clk 0:00:21]} 80. Kh3
{[%clk 0:00:17]} Rb3+ {[%clk 0:00:22]} 81. Kh2 {[%clk 0:00:18]} Kh5
{[%clk 0:00:23]} 82. Ra8 {[%clk 0:00:19]} g5 {[%clk 0:00:24]} 83. Ra4
{[%clk 0:00:20]} Rb2+ {[%clk 0:00:24]} 84. Kg1 {[%clk 0:00:20]} g4
{[%clk 0:00:25]} 85. Kh1 {[%clk 0:00:21]} Kg5 {[%clk 0:00:26]} 86. Rc4
{[%clk 0:00:22]} g3 {[%clk 0:00:27]} 87. Kg1 {[%clk 0:00:24]} h3 {[%clk 0:00:28]}
88. Rc1 {[%clk 0:00:25]} f4 {[%clk 0:00:26]} 89. Re1 {[%clk 0:00:24]} Kg4
{[%clk 0:00:26]} 90. Rc1 {[%clk 0:00:25]} h2+ {[%clk 0:00:26]} 91. Kh1
{[%clk 0:00:27]} Kh3 {[%clk 0:00:28]} 92. Rc2 {[%clk 0:00:21]} Rb1+
{[%clk 0:00:28]} 0-1

[Event "Blitz 2018"]
[Site "Saint-Petersburg"]
[Date "2018.12.29"]
[Round "5"]
[Board "89"]
[White "Sokolin Leonid (USA)"]
[Black "Yeritsyan Aram (RUS)"]
[Result "0-1"]
[BlackElo "2191"]
[WhiteElo "2508"]
[LiveChessVersion "1.4.8"]

1. e4 {[%clk 0:03:03]} e5 {[%clk 0:03:03]} 2. Nf3 {[%clk 0:03:04]} Nc6
{[%clk 0:03:05]} 3. Bb5 {[%clk 0:03:05]} a6 {[%clk 0:03:06]} 4. Bxc6
{[%clk 0:03:07]} dxc6 {[%clk 0:03:08]} 5. O-O {[%clk 0:03:07]} Ne7
{[%clk 0:03:07]} 6. Nxe5 {[%clk 0:03:06]} Qd4 {[%clk 0:03:08]} 7. Qh5
{[%clk 0:03:04]} g6 {[%clk 0:03:07]} 8. Nf3 {[%clk 0:03:05]} Qxe4
{[%clk 0:03:06]} 9. Qa5 {[%clk 0:03:02]} Bg4 {[%clk 0:02:42]} 10. Re1
{[%clk 0:02:39]} Qd5 {[%clk 0:02:22]} 11. Qxd5 {[%clk 0:02:04]} cxd5
{[%clk 0:02:23]} 12. Ne5 {[%clk 0:02:06]} Be6 {[%clk 0:02:21]} 13. d4
{[%clk 0:02:06]} Bg7 {[%clk 0:02:14]} 14. Bf4 {[%clk 0:02:03]} O-O-O
{[%clk 0:02:13]} 15. Nxf7 {[%clk 0:02:00]} Bxf7 {[%clk 0:01:44]} 16. Rxe7
{[%clk 0:02:01]} Rd7 {[%clk 0:01:45]} 17. Rxd7 {[%clk 0:02:02]} Kxd7
{[%clk 0:01:46]} 18. c3 {[%clk 0:02:01]} Re8 {[%clk 0:01:39]} 19. Nd2
{[%clk 0:02:03]} h6 {[%clk 0:01:38]} 20. Kf1 {[%clk 0:02:01]} g5 {[%clk 0:01:39]}
21. Bg3 {[%clk 0:02:01]} Bg6 {[%clk 0:01:39]} 22. Nf3 {[%clk 0:01:32]} Bd3+
{[%clk 0:01:33]} 23. Kg1 {[%clk 0:01:34]} Re2 24. b3 g4 {[%clk 0:01:21]} 25. Ne1
{[%clk 0:01:29]} Be4 {[%clk 0:01:10]} 26. Bf4 {[%clk 0:01:23]} c5
{[%clk 0:00:58]} 27. Be3 {[%clk 0:01:21]} cxd4 {[%clk 0:00:57]} 28. cxd4
{[%clk 0:01:22]} Bf8 {[%clk 0:00:56]} 29. Kf1 {[%clk 0:01:22]} Rb2
{[%clk 0:00:49]} 30. Bc1 {[%clk 0:01:19]} Rb1 {[%clk 0:00:50]} 31. Rxb1
{[%clk 0:01:21]} Bxb1 {[%clk 0:00:51]} 32. a3 {[%clk 0:01:22]} Ba2
{[%clk 0:00:48]} 33. b4 {[%clk 0:01:23]} Bc4+ 34. Kg1 Kc6 {[%clk 0:00:45]} 35. f3
{[%clk 0:01:23]} gxf3 {[%clk 0:00:45]} 36. Nxf3 {[%clk 0:01:24]} Kb5
{[%clk 0:00:47]} 37. Bb2 {[%clk 0:01:10]} Ka4 {[%clk 0:00:47]} 38. Nd2
{[%clk 0:01:11]} h5 {[%clk 0:00:35]} 39. Kf2 {[%clk 0:01:12]} Bh6 40. Ke1 Bd3
{[%clk 0:00:25]} 41. Bc1 {[%clk 0:01:15]} Bg7 {[%clk 0:00:24]} 42. Bb2
{[%clk 0:01:15]} Bf8 {[%clk 0:00:23]} 43. h3 {[%clk 0:01:12]} h4 {[%clk 0:00:22]}
44. Nf3 {[%clk 0:01:09]} Kb3 {[%clk 0:00:22]} 45. Bc1 {[%clk 0:01:11]} Be7
{[%clk 0:00:20]} 46. Kd2 Be4 {[%clk 0:00:22]} 47. Ke3 {[%clk 0:01:08]} b6
{[%clk 0:00:21]} 48. Kf4 {[%clk 0:01:07]} Kc2 {[%clk 0:00:21]} 49. Be3
{[%clk 0:01:07]} Kb2 {[%clk 0:00:22]} 50. Bf2 {[%clk 0:01:03]} Kxa3
{[%clk 0:00:20]} 51. Bxh4 Bxh4 {[%clk 0:00:20]} 52. Nxh4 {[%clk 0:01:06]} Kxb4
{[%clk 0:00:20]} 53. g4 {[%clk 0:01:06]} a5 {[%clk 0:00:22]} 54. Nf5
{[%clk 0:01:07]} a4 {[%clk 0:00:22]} 55. g5 {[%clk 0:01:09]} a3 {[%clk 0:00:20]}
56. g6 {[%clk 0:01:10]} a2 {[%clk 0:00:21]} 57. g7 {[%clk 0:01:10]} a1=Q
{[%clk 0:00:20]} 58. g8=Q {[%clk 0:01:11]} Qf1+ {[%clk 0:00:20]} 59. Ke5
{[%clk 0:01:12]} Qxf5+ 60. Kd6 Qg6+ {[%clk 0:00:10]} 61. Qxg6 {[%clk 0:01:13]}
Bxg6 {[%clk 0:00:11]} 62. Kxd5 {[%clk 0:01:15]} b5 {[%clk 0:00:12]} 63. Kc6
{[%clk 0:01:14]} Kc4 {[%clk 0:00:13]} 64. d5 b4 {[%clk 0:00:12]} 65. d6
{[%clk 0:01:17]} Bf5 66. h4 b3 {[%clk 0:00:14]} 67. d7 {[%clk 0:01:21]} Bxd7+
{[%clk 0:00:13]} 68. Kxd7 {[%clk 0:01:22]} b2 {[%clk 0:00:14]} 69. h5 b1=Q
{[%clk 0:00:14]} 70. h6 {[%clk 0:01:26]} Qh7+ {[%clk 0:00:14]} 0-1

[Event "Blitz 2018"]
[Site "Saint-Petersburg"]
[Date "2018.12.29"]
[Round "5"]
[Board "90"]
[White "Dubrovin Robert (EST)"]
[Black "Rechlis Gad (ISR)"]
[Result "0-1"]
[BlackElo "2500"]
[WhiteElo "2176"]
[LiveChessVersion "1.4.8"]

1. d4 {[%clk 0:03:03]} Nf6 {[%clk 0:03:00]} 2. c4 {[%clk 0:03:05]} g6
{[%clk 0:03:00]} 3. Nc3 {[%clk 0:03:06]} Bg7 4. e4 O-O {[%clk 0:03:02]} 5. Nf3
{[%clk 0:03:09]} d6 6. Be2 e5 {[%clk 0:03:05]} 7. d5 {[%clk 0:03:12]} a5
{[%clk 0:03:06]} 8. Bg5 {[%clk 0:03:13]} h6 {[%clk 0:03:07]} 9. Bh4
{[%clk 0:03:14]} Na6 {[%clk 0:03:08]} 10. Nd2 {[%clk 0:03:15]} Qe8
{[%clk 0:03:02]} 11. O-O {[%clk 0:03:15]} Bd7 {[%clk 0:02:55]} 12. b3
{[%clk 0:03:16]} Nh7 {[%clk 0:02:53]} 13. f3 {[%clk 0:03:16]} f5 {[%clk 0:02:50]}
14. a3 {[%clk 0:03:15]} Nf6 {[%clk 0:02:47]} 15. Rb1 {[%clk 0:03:06]} Nh5
{[%clk 0:02:43]} 16. Re1 {[%clk 0:02:54]} Nc5 {[%clk 0:02:34]} 17. b4
{[%clk 0:02:41]} axb4 {[%clk 0:02:33]} 18. axb4 {[%clk 0:02:42]} Na4
{[%clk 0:02:34]} 19. Qc2 {[%clk 0:02:42]} Nf4 {[%clk 0:02:32]} 20. Bf1
{[%clk 0:02:42]} g5 {[%clk 0:02:26]} 21. Bf2 {[%clk 0:02:43]} Nxc3
{[%clk 0:02:14]} 22. Qxc3 {[%clk 0:02:44]} g4 {[%clk 0:02:08]} 23. fxg4
{[%clk 0:02:35]} fxg4 {[%clk 0:01:59]} 24. Be3 {[%clk 0:02:34]} Qg6
{[%clk 0:01:55]} 25. g3 {[%clk 0:02:28]} Rf7 {[%clk 0:01:36]} 26. c5
{[%clk 0:02:18]} Raf8 {[%clk 0:01:35]} 27. c6 {[%clk 0:02:14]} Bc8
{[%clk 0:01:25]} 28. cxb7 {[%clk 0:02:09]} Bxb7 {[%clk 0:01:26]} 29. Ra1
{[%clk 0:01:47]} h5 {[%clk 0:00:49]} 30. b5 {[%clk 0:01:48]} h4 {[%clk 0:00:50]}
31. Ra7 {[%clk 0:01:35]} Nh3+ {[%clk 0:00:47]} 32. Kg2 {[%clk 0:01:22]} hxg3
{[%clk 0:00:39]} 33. hxg3 {[%clk 0:01:23]} Rf2+ {[%clk 0:00:35]} 34. Bxf2
{[%clk 0:01:23]} Rxf2+ {[%clk 0:00:36]} 35. Kh1 {[%clk 0:01:23]} Qh6
{[%clk 0:00:35]} 36. Bg2 {[%clk 0:01:17]} Nf4+ {[%clk 0:00:35]} 0-1

[Event "Blitz 2018"]
[Site "Saint-Petersburg"]
[Date "2018.12.29"]
[Round "5"]
[Board "91"]
[White "Vastrukhin Oleg (RUS)"]
[Black "Alsulaymi Abdullah M (KSA)"]
[Result "1-0"]
[BlackElo "1833"]
[WhiteElo "2488"]
[LiveChessVersion "1.4.8"]

1. e4 {[%clk 0:03:03]} Nf6 {[%clk 0:03:03]} 2. e5 {[%clk 0:03:04]} Nd5
{[%clk 0:03:04]} 3. c4 {[%clk 0:03:05]} Nb6 {[%clk 0:03:05]} 4. c5
{[%clk 0:03:07]} Nd5 {[%clk 0:03:06]} 5. Bc4 {[%clk 0:03:08]} e6 {[%clk 0:03:06]}
6. Nc3 {[%clk 0:03:09]} Nxc3 {[%clk 0:03:02]} 7. dxc3 {[%clk 0:03:07]} d5
{[%clk 0:02:56]} 8. cxd6 {[%clk 0:03:05]} cxd6 {[%clk 0:02:56]} 9. Bf4
{[%clk 0:02:35]} d5 {[%clk 0:02:57]} 10. Bd3 {[%clk 0:02:35]} Be7
{[%clk 0:02:46]} 11. Qg4 {[%clk 0:02:35]} g6 {[%clk 0:02:17]} 12. Nf3
{[%clk 0:02:31]} Nc6 {[%clk 0:02:05]} 13. h4 {[%clk 0:02:31]} Bd7
{[%clk 0:02:06]} 14. h5 {[%clk 0:02:30]} gxh5 {[%clk 0:01:43]} 15. Qg7
{[%clk 0:02:07]} Rf8 {[%clk 0:01:36]} 16. Qxh7 {[%clk 0:02:06]} Qb6
{[%clk 0:01:33]} 17. Bh6 {[%clk 0:02:03]} Qxb2 {[%clk 0:01:24]} 18. O-O
{[%clk 0:02:03]} O-O-O {[%clk 0:01:15]} 19. Rab1 {[%clk 0:01:50]} Qxc3
{[%clk 0:01:07]} 20. Rfc1 {[%clk 0:01:50]} Qa3 {[%clk 0:01:00]} 21. Bxf8
{[%clk 0:01:42]} Rxf8 {[%clk 0:01:01]} 22. Bb5 {[%clk 0:01:35]} Kb8
{[%clk 0:00:55]} 23. Bxc6 {[%clk 0:01:32]} Bc8 1-0